000 00674nam a2200277Ia 4500
005 20260324120833.0
008 008 260324s9999 xx 000 0 eng d
020 _a9781315593197
037 _aEBOOK
040 _aCRL
040 _beng
040 _cCRL
041 _2eng
041 _aeng
084 _qCRL
100 _aHelen Ostovich; Lisa Hopkins
_91160165
245 0 _aMagical Transformations on the Early Modern English Stage
260 _bTaylor and Francis
260 _c2014
365 _a
365 _b230
856 _uhttp://www.taylorfrancis.com/books/9781315593197
942 _cEBOOK
999 _c1751894
_d1751894